000 00568nam a22001697a 4500
005 20260301162959.0
010 _aBACEN26
020 _a9789359445885
_c1395.00
037 _bDev Publishers & Distributors
082 _a220.21
245 _aThe Samaveda of Devi Chand
_cEdited by Pushpa Gupta
250 _a1
260 _aNew Delhi
_bDev Publishers & Distributors
_c2024
270 _aSecond Floor, Prakash Deep 22, Delhi Medical Association Road, Darya Ganj
_bNew Delhi
_e110002
300 _a245p.
_c24cm(Hb)
942 _2ddc
_cEN
_mMIS
_h220.21
999 _c215149
_d215149